[Event "Yerevan op"]
[Site "Yerevan ARM"]
[Date "2021.10.18"]
[Round "5.7"]
[White "Pantsulaia, Levan"]
[Black "Golubka, Petro"]
[Result "1/2-1/2"]
[WhiteElo "2570"]
[BlackElo "2438"]
[WhiteFideId "-1"]
[BlackFideId "-1"]
[PlyCount "150"]
[GameId "2130307582363073"]
[EventDate "2021.10.14"]
[EventType "swiss"]
[EventRounds "9"]
[EventCountry "ARM"]
[SourceTitle "10 Days #667"]
[Source "ChessMix"]
[SourceDate "2021.11.01"]
[SourceVersion "1"]
[SourceVersionDate "2021.11.01"]
[SourceQuality "1"]

1. g3 d5 2. Nf3 c6 3. Bg2 Nf6 4. c4 Bg4 5. Ne5 Be6 6. cxd5 Bxd5 7. Nf3 e6 8. Nc3 Be7 9. d3 Bxf3 10. Bxf3 O-O 11. O-O Nbd7 12. Bd2 Re8 13. Rb1 a5 14. a3 Nd5 15. Qc2 Bg5 16. e3 Be7 17. Rfd1 Bf8 18. Bg2 Qb6 19. d4 N5f6 20. Be1 Qa6 21. h3 Rac8 22. e4 b5 23. b4 e5 24. Ne2 axb4 25. axb4 exd4 26. Nxd4 c5 27. Nf5 cxb4 28. Qb2 g6 29. Ne3 Qe6 30. Bxb4 Nc5 31. f3 Red8 32. Qa3 Rxd1+ 33. Rxd1 Nb7 34. Bxf8 Rxf8 35. Qb4 Rc8 36. Qa3 Rf8 37. Qb4 Qb6 38. Qd4 Qxd4 39. Rxd4 Nh5 40. Kf2 Ra8 41. Rd2 b4 42. Bf1 Nc5 43. g4 Nf4 44. Nd5 Nxd5 45. Rxd5 Rc8 46. Rd2 b3 47. Rb2 Rb8 48. Ke1 Na4 49. Rb1 b2 50. Kd2 Rb3 51. Bd3 Nc3 52. Kc2 Nxb1 53. Kxb3 Nd2+ 54. Kxb2 Nxf3 55. Kc3 Kg7 56. Be2 Ng1 57. Bf1 Kf6 58. Kd4 Kg5 59. Ke5 h6 60. Kd6 f6 61. e5 fxe5 62. Kxe5 Nf3+ 63. Ke6 Ng1 64. Ke5 Kh4 65. Kf6 g5 66. Kg6 Nxh3 67. Kxh6 Nf2 68. Kg6 Nxg4 69. Be2 Ne3 70. Kf6 Nc2 71. Bd1 Ne3 72. Be2 Ng2 73. Kf5 Ne1 74. Kf6 g4 75. Bxg4 Kxg4 1/2-1/2

[Event "Yerevan op"]
[Site "Yerevan ARM"]
[Date "2021.10.19"]
[Round "6.9"]
[White "Golubka, Petro"]
[Black "Goganov, Aleksey"]
[Result "1/2-1/2"]
[WhiteElo "2438"]
[BlackElo "2557"]
[WhiteFideId "-1"]
[BlackFideId "-1"]
[PlyCount "81"]
[GameId "2130307582363087"]
[EventDate "2021.10.14"]
[EventType "swiss"]
[EventRounds "9"]
[EventCountry "ARM"]
[SourceTitle "10 Days #667"]
[Source "ChessMix"]
[SourceDate "2021.11.01"]
[SourceVersion "1"]
[SourceVersionDate "2021.11.01"]
[SourceQuality "1"]

1. d4 Nf6 2. Nf3 g6 3. Bg5 Bg7 4. Nbd2 d6 5. c3 Nbd7 6. e3 O-O 7. Be2 e5 8. O-O h6 9. Bh4 Qe8 10. Ne1 Nb6 11. a4 a5 12. Bb5 c6 13. Be2 exd4 14. cxd4 Bf5 15. Bd3 Bxd3 16. Nxd3 Ne4 17. Nxe4 Qxe4 18. Bg3 Rfd8 19. Qb3 Nd5 20. Rfd1 Rd7 21. Nf4 Nxf4 22. Bxf4 d5 23. Qd3 Qxd3 24. Rxd3 h5 25. h3 Bf8 26. g4 hxg4 27. hxg4 Bd6 28. Bxd6 Rxd6 29. Rb3 Rd7 30. Kg2 Kf8 31. Rh1 Ke7 32. Kg3 Kd6 33. Kf4 Re8 34. f3 Kc7 35. g5 Rde7 36. Rc3 Rd8 37. b3 Rde8 38. Rd3 Kd6 39. Rc3 Kc7 40. Rd3 Kd6 41. Rc3 1/2-1/2

[Event "Yerevan op"]
[Site "Yerevan ARM"]
[Date "2021.10.20"]
[Round "7.11"]
[White "Pultinevicius, Paulius"]
[Black "Golubka, Petro"]
[Result "1-0"]
[WhiteElo "2552"]
[BlackElo "2438"]
[WhiteFideId "-1"]
[BlackFideId "-1"]
[PlyCount "127"]
[GameId "2130307582363101"]
[EventDate "2021.10.14"]
[EventType "swiss"]
[EventRounds "9"]
[EventCountry "ARM"]
[SourceTitle "10 Days #667"]
[Source "ChessMix"]
[SourceDate "2021.11.01"]
[SourceVersion "1"]
[SourceVersionDate "2021.11.01"]
[SourceQuality "1"]

1. c4 c6 2. Nf3 d5 3. d4 Nf6 4. Qc2 Bg4 5. Ne5 e6 6. Nxg4 Nxg4 7. Nc3 Nd7 8. cxd5 exd5 9. Bf4 Be7 10. e3 O-O 11. Bd3 g6 12. h3 Ngf6 13. O-O Re8 14. Rab1 a6 15. Na4 Nh5 16. Bh2 a5 17. a3 Ra7 18. Nc3 Nb6 19. g4 Nf6 20. Kg2 Bd6 21. Bg1 Nbd7 22. f3 c5 23. Nb5 Ra6 24. Nxd6 Rxd6 25. dxc5 Rde6 26. b4 axb4 27. axb4 Ne5 28. Bb5 R8e7 29. Rbd1 Nc6 30. Qd2 Qe8 31. Bf2 h5 32. Rde1 Qf8 33. Bg3 Qh6 34. Bf4 g5 35. Bd6 Re8 36. Re2 Kg7 37. Kg1 Rh8 38. gxh5 Qxh5 39. Rg2 Ne5 40. e4 Ng6 41. exd5 Rxd6 42. cxd6 Qxh3 43. Qxg5 Rh5 44. Qg3 Qxg3 45. Rxg3 Rxd5 46. d7 Nxd7 47. Bxd7 Rxd7 48. Rg5 Kf6 49. Rb5 Ne5 50. Kg2 Nc6 51. Rc1 Rd2+ 52. Kg3 Rd7 53. Rb6 Kf5 54. Rc5+ Ne5 55. Rc3 f6 56. Kf2 Nc6 57. Rc5+ Kg6 58. Rcb5 Nd8 59. f4 Rd3 60. Ke2 Rd4 61. Ke3 Rc4 62. Rg5+ Kf7 63. Rc5 Rxc5 64. bxc5 1-0

[Event "POL-Tch, Ekstraliga"]
[Site "Legnica POL"]
[Date "2021.10.02"]
[Round "1.11"]
[White "Tazbir, Marcin"]
[Black "Golubka, Petro"]
[Result "1-0"]
[WhiteElo "2516"]
[BlackElo "2438"]
[WhiteFideId "-1"]
[BlackFideId "-1"]
[PlyCount "117"]
[GameId "2130307582693040"]
[EventDate "2021.10.02"]
[EventType "team"]
[EventRounds "9"]
[EventCountry "POL"]
[SourceTitle "10 Days #666"]
[Source "ChessMix"]
[SourceDate "2021.10.20"]
[SourceVersion "1"]
[SourceVersionDate "2021.10.20"]
[SourceQuality "1"]
[WhiteTeam "VOTUM Polonia Wroclaw"]
[BlackTeam "Hetman Plock"]

1. e4 e6 2. d3 c5 3. Nf3 Nc6 4. g3 d6 5. Bg2 Be7 6. O-O Nf6 7. c3 O-O 8. a3 a5 9. a4 b6 10. Na3 Ba6 11. Qe2 Re8 12. Nb5 Nd7 13. Nd2 Na7 14. c4 Nc6 15. Nb3 Rc8 16. Be3 Nb4 17. Rfd1 d5 18. f4 d4 19. Bf2 e5 20. f5 Bxb5 21. axb5 Bg5 22. h4 Be3 23. Bxe3 dxe3 24. Ra4 Nf6 25. Qxe3 Rc7 26. Bf3 Rd7 27. Be2 h5 28. Rd2 Qa8 29. Nc1 Red8 30. Ra3 Rd6 31. Na2 Qc8 32. Nc3 Qd7 33. Ra1 Rd4 34. Rad1 Ra8 35. Ra1 Rd8 36. Rad1 Ra8 37. b3 Rd6 38. Qg5 Nh7 39. Qe3 Nf6 40. Kh1 g6 41. Rf1 Kg7 42. Kg2 Rd8 43. Nd5 Nbxd5 44. exd5 Re8 45. fxg6 fxg6 46. Bf3 Qe7 47. Re2 Rd7 48. Qg5 Ra7 49. Rfe1 Nd7 50. Qxe7+ Rxe7 51. g4 hxg4 52. Bxg4 Nf6 53. Kg3 e4 54. dxe4 a4 55. e5 Nxg4 56. Kxg4 axb3 57. e6 Ra4 58. Re4 b2 59. d6 1-0

[Event "POL-Tch, Ekstraliga"]
[Site "Legnica POL"]
[Date "2021.10.03"]
[Round "2.23"]
[White "Golubka, Petro"]
[Black "Sowinski, Pawel"]
[Result "1-0"]
[WhiteElo "2438"]
[BlackElo "2041"]
[WhiteFideId "-1"]
[BlackFideId "-1"]
[PlyCount "87"]
[GameId "2130307582697177"]
[EventDate "2021.10.02"]
[EventType "team"]
[EventRounds "9"]
[EventCountry "POL"]
[SourceTitle "10 Days #666"]
[Source "ChessMix"]
[SourceDate "2021.10.20"]
[SourceVersion "1"]
[SourceVersionDate "2021.10.20"]
[SourceQuality "1"]
[WhiteTeam "Hetman Plock"]
[BlackTeam "LKSz GCKiP Czarna"]

1. e4 e5 2. Nf3 Nc6 3. Nc3 Nf6 4. h3 Be7 5. Bb5 d6 6. d3 O-O 7. Bg5 Be6 8. Ba4 h6 9. Be3 a6 10. Bxc6 bxc6 11. d4 exd4 12. Nxd4 c5 13. Nxe6 fxe6 14. e5 dxe5 15. Qxd8 Rfxd8 16. Ke2 Rab8 17. b3 c4 18. Rhd1 Rxd1 19. Rxd1 Kf7 20. f3 g5 21. g3 Rb4 22. a3 Rb8 23. b4 a5 24. bxa5 Ra8 25. Ra1 Rxa5 26. a4 Bb4 27. Bd2 Ra6 28. Ne4 Nxe4 29. fxe4 c3 30. Be3 Rd6 31. a5 Ra6 32. Ra4 c5 33. Kd3 Rxa5 34. Rxa5 Bxa5 35. Bxc5 h5 36. g4 hxg4 37. hxg4 Ke8 38. Bd6 Kd7 39. Bxe5 Bd8 40. Kxc3 Kc6 41. Kd3 Kc5 42. Bg7 Be7 43. e5 Bd8 44. Bf6 1-0

[Event "POL-Tch, Ekstraliga"]
[Site "Legnica POL"]
[Date "2021.10.04"]
[Round "3.17"]
[White "Kanarek, Marcel"]
[Black "Golubka, Petro"]
[Result "1-0"]
[WhiteElo "2481"]
[BlackElo "2438"]
[WhiteFideId "-1"]
[BlackFideId "-1"]
[PlyCount "85"]
[GameId "2130307582697200"]
[EventDate "2021.10.02"]
[EventType "team"]
[EventRounds "9"]
[EventCountry "POL"]
[SourceTitle "10 Days #666"]
[Source "ChessMix"]
[SourceDate "2021.10.20"]
[SourceVersion "1"]
[SourceVersionDate "2021.10.20"]
[SourceQuality "1"]
[WhiteTeam "Stilon Gorzow"]
[BlackTeam "Hetman Plock"]

1. e4 g6 2. d4 Bg7 3. Nc3 c6 4. f4 b5 5. Nf3 b4 6. Ne2 d5 7. e5 Bg4 8. Ng3 h5 9. f5 gxf5 10. h3 Bxf3 11. Qxf3 e6 12. h4 Bh6 13. Nxh5 Bxc1 14. Rxc1 Nd7 15. Be2 Qb6 16. c3 Ne7 17. g4 c5 18. Ng7+ Kf8 19. gxf5 Kxg7 20. f6+ Kf8 21. fxe7+ Kxe7 22. dxc5 Qxc5 23. Qf4 a5 24. Rf1 Raf8 25. h5 b3 26. axb3 Qc7 27. b4 Nxe5 28. bxa5 f5 29. Kd1 Rb8 30. b4 Qd6 31. Qg5+ Kf8 32. h6 Qe7 33. Qxe7+ Kxe7 34. Rh1 d4 35. cxd4 Rbd8 36. b5 Rxd4+ 37. Ke1 Ra4 38. a6 f4 39. Rh5 Re4 40. Kf2 f3 41. Bf1 Ng4+ 42. Kxf3 Ra4 43. Rc4 1-0

[Event "POL-Tch, Ekstraliga"]
[Site "Legnica POL"]
[Date "2021.10.05"]
[Round "4.17"]
[White "Golubka, Petro"]
[Black "Nguyen, Piotr"]
[Result "1/2-1/2"]
[WhiteElo "2438"]
[BlackElo "2397"]
[WhiteFideId "-1"]
[BlackFideId "-1"]
[PlyCount "43"]
[GameId "2130307582697230"]
[EventDate "2021.10.02"]
[EventType "team"]
[EventRounds "9"]
[EventCountry "POL"]
[SourceTitle "10 Days #666"]
[Source "ChessMix"]
[SourceDate "2021.10.20"]
[SourceVersion "1"]
[SourceVersionDate "2021.10.20"]
[SourceQuality "1"]
[WhiteTeam "Hetman Plock"]
[BlackTeam "Dwie Wieze Krakow"]

1. d4 Nf6 2. Bg5 e6 3. Nd2 h6 4. Bh4 c5 5. e3 Be7 6. dxc5 Bxc5 7. Ngf3 d5 8. Bd3 O-O 9. c4 Be7 10. O-O Nc6 11. a3 b6 12. Qe2 Bb7 13. Rfd1 Rc8 14. Rac1 Qc7 15. Bg3 Bd6 16. Bxd6 Qxd6 17. e4 dxe4 18. Nxe4 Qe7 19. b4 Rfd8 20. c5 bxc5 21. bxc5 Nxe4 22. Bxe4 1/2-1/2

[Event "POL-Tch, Ekstraliga"]
[Site "Legnica POL"]
[Date "2021.10.06"]
[Round "5.23"]
[White "Krzyzanowski, Marcin"]
[Black "Golubka, Petro"]
[Result "1/2-1/2"]
[WhiteElo "2514"]
[BlackElo "2438"]
[WhiteFideId "-1"]
[BlackFideId "-1"]
[PlyCount "74"]
[GameId "2130307582701362"]
[EventDate "2021.10.02"]
[EventType "team"]
[EventRounds "9"]
[EventCountry "POL"]
[SourceTitle "10 Days #666"]
[Source "ChessMix"]
[SourceDate "2021.10.20"]
[SourceVersion "1"]
[SourceVersionDate "2021.10.20"]
[SourceQuality "1"]
[WhiteTeam "SILESIA Raciborz"]
[BlackTeam "Hetman Plock"]

1. e4 e6 2. d4 d5 3. Nc3 dxe4 4. Nxe4 Bd7 5. Nf3 Bc6 6. Bd3 Nd7 7. O-O Ngf6 8. Ng3 g6 9. c4 Bg7 10. d5 exd5 11. Re1+ Kf8 12. Nd4 Nc5 13. Nxc6 bxc6 14. Bf1 h5 15. cxd5 cxd5 16. Qc2 Qd6 17. Bf4 Qxf4 18. Qxc5+ Kg8 19. Ne2 Qd2 20. Qxc7 Ng4 21. Rad1 Qxb2 22. g3 Be5 23. Qc6 Kg7 24. Rxd5 Rhe8 25. h3 Nf6 26. Rb5 Qd2 27. Rc1 Rab8 28. Rxb8 Rxb8 29. Qc5 Re8 30. Rc2 Qd1 31. Rc1 Qd7 32. Qc6 Qe7 33. Rb1 Qa3 34. Qc4 Re7 35. Qb4 Qxb4 36. Rxb4 Bd6 37. Rc4 Rc7 1/2-1/2

[Event "POL-Tch, Ekstraliga"]
[Site "Legnica POL"]
[Date "2021.10.07"]
[Round "6.11"]
[White "Golubka, Petro"]
[Black "Plat, Vojtech"]
[Result "1/2-1/2"]
[WhiteElo "2438"]
[BlackElo "2546"]
[WhiteFideId "-1"]
[BlackFideId "-1"]
[PlyCount "34"]
[GameId "2130307582701380"]
[EventDate "2021.10.02"]
[EventType "team"]
[EventRounds "9"]
[EventCountry "POL"]
[SourceTitle "10 Days #666"]
[Source "ChessMix"]
[SourceDate "2021.10.20"]
[SourceVersion "1"]
[SourceVersionDate "2021.10.20"]
[SourceQuality "1"]
[WhiteTeam "Hetman Plock"]
[BlackTeam "POMOT Wieza Pegow"]

1. e4 e5 2. Nf3 d6 3. d4 exd4 4. Qxd4 Nc6 5. Bb5 Bd7 6. Bxc6 Bxc6 7. Nc3 Nf6 8. Bg5 Be7 9. O-O-O O-O 10. h4 h6 11. Kb1 Re8 12. Bc1 Ng4 13. Qd2 Nf6 14. Qd4 Bf8 15. Rhe1 Ng4 16. Bf4 Qf6 17. Bg3 Ne5 1/2-1/2

[Event "POL-Tch, Ekstraliga"]
[Site "Legnica POL"]
[Date "2021.10.08"]
[Round "7.29"]
[White "Teclaf, Pawel"]
[Black "Golubka, Petro"]
[Result "1/2-1/2"]
[WhiteElo "2543"]
[BlackElo "2438"]
[WhiteFideId "-1"]
[BlackFideId "-1"]
[PlyCount "53"]
[GameId "2130307582701428"]
[EventDate "2021.10.02"]
[EventType "team"]
[EventRounds "9"]
[EventCountry "POL"]
[SourceTitle "10 Days #666"]
[Source "ChessMix"]
[SourceDate "2021.10.20"]
[SourceVersion "1"]
[SourceVersionDate "2021.10.20"]
[SourceQuality "1"]
[WhiteTeam "Gwiazda Bydgoszcz"]
[BlackTeam "Hetman Plock"]

1. e4 e6 2. d4 d5 3. Nd2 c5 4. Ngf3 Nc6 5. exd5 exd5 6. Bb5 Qe7+ 7. Be2 cxd4 8. O-O Qc7 9. Nb3 Bd6 10. Nbxd4 Nge7 11. Nb5 Qd8 12. Nxd6+ Qxd6 13. c3 Bg4 14. Qa4 Qd7 15. Be3 O-O 16. Rad1 Rfd8 17. Qf4 f6 18. Rd2 Bh5 19. Rfd1 Bf7 20. Nd4 Ne5 21. h3 a6 22. Qg3 Rac8 23. Bf4 Nc4 24. Rc2 Nf5 25. Nxf5 Qxf5 26. Rcc1 Qg6 27. Qxg6 1/2-1/2

[Event "POL-Tch, Ekstraliga"]
[Site "Legnica POL"]
[Date "2021.10.10"]
[Round "9.29"]
[White "Golubka, Petro"]
[Black "Miton, Kamil"]
[Result "0-1"]
[WhiteElo "2438"]
[BlackElo "2579"]
[WhiteFideId "-1"]
[BlackFideId "-1"]
[PlyCount "60"]
[GameId "2130307582705576"]
[EventDate "2021.10.02"]
[EventType "team"]
[EventRounds "9"]
[EventCountry "POL"]
[SourceTitle "10 Days #666"]
[Source "ChessMix"]
[SourceDate "2021.10.20"]
[SourceVersion "1"]
[SourceVersionDate "2021.10.20"]
[SourceQuality "1"]
[WhiteTeam "Hetman Plock"]
[BlackTeam "Wasko Hetman GKS"]

1. e4 c5 2. f4 d5 3. exd5 Nf6 4. Bb5+ Bd7 5. Bxd7+ Qxd7 6. c4 e6 7. Qe2 Bd6 8. dxe6 fxe6 9. d3 Nc6 10. Nf3 O-O-O 11. Nc3 e5 12. f5 Nd4 13. Qd1 h6 14. O-O Nxf5 15. a4 Bb8 16. Qe2 Nd4 17. Nxd4 exd4 18. Ne4 Rhe8 19. Nxf6 Rxe2 20. Nxd7 Rxd7 21. a5 Bd6 22. g3 Rde7 23. a6 b6 24. b4 cxb4 25. Bf4 Bxf4 26. Rxf4 b3 27. Rb1 b2 28. Rf2 Re1+ 29. Rf1 Rxb1 30. Rxb1 Re2 0-1

[Event "POL-chT Ekstraliga"]
[Site "Legnica"]
[Date "2021.10.09"]
[Round "8.1"]
[White "Bobras, Piotr"]
[Black "Golubka, Petro"]
[Result "1/2-1/2"]
[WhiteElo "2500"]
[BlackElo "2438"]
[WhiteFideId "-1"]
[BlackFideId "-1"]
[PlyCount "36"]
[GameId "1702459511619584"]
[EventDate "2021.10.02"]
[EventType "team-tourn"]
[EventRounds "9"]
[EventCountry "POL"]
[SourceTitle "CBM 204 Extra"]
[Source "ChessBase"]
[SourceDate "2021.11.30"]
[SourceVersion "1"]
[SourceVersionDate "2021.11.30"]
[SourceQuality "1"]
[WhiteTeam "Legnica Miedz"]
[BlackTeam "Plock Hetman"]
[WhiteTeamCountry "POL"]
[BlackTeamCountry "POL"]

1. e4 e5 2. Nf3 Nc6 3. Bb5 a6 4. Ba4 Nf6 5. O-O b5 6. Bb3 Be7 7. Re1 O-O 8. a4 b4 9. d4 d6 10. dxe5 Nxe5 11. Nxe5 dxe5 12. Qxd8 Rxd8 13. Nd2 Bc5 14. Nf3 Ng4 15. Be3 Bxe3 16. fxe3 Rd6 17. Rad1 Be6 18. Rxd6 cxd6 1/2-1/2

[Event "UKR-ch 1/2 final"]
[Site "Omelnyk UKR"]
[Date "2021.09.22"]
[Round "1.7"]
[White "Chubar, Vladimir"]
[Black "Golubka, Petro"]
[Result "0-1"]
[WhiteElo "1839"]
[BlackElo "2438"]
[WhiteFideId "-1"]
[BlackFideId "-1"]
[PlyCount "98"]
[GameId "2129404731239596"]
[EventDate "2021.09.22"]
[EventType "swiss"]
[EventRounds "9"]
[EventCountry "UKR"]
[SourceTitle "10 Days #664"]
[Source "ChessMix"]
[SourceDate "2021.10.01"]
[SourceVersion "1"]
[SourceVersionDate "2021.10.01"]
[SourceQuality "1"]
[TimeControl "40/5400+30:1800+30"]

1. d4 {[%emt 0:01:48]} b6 {[%emt 0:03:54]} 2. Bf4 {[%emt 0:01:24]} Bb7 {[%emt 0:00:07]} 3. e3 {[%emt 0:00:37]} e6 {[%emt 0:00:06]} 4. Nf3 {[%emt 0:00:41]} Be7 {[%emt 0:00:06]} 5. Bd3 {[%emt 0:01:17]} d6 {[%emt 0:00:09]} 6. c4 {[%emt 0:02:06]} g5 {[%emt 0:00:34]} 7. Bg3 {[%emt 0:02:16]} g4 {[%emt 0:00:19]} 8. Nfd2 {[%emt 0:02:20]} Bxg2 {[%emt 0:00:34]} 9. Rg1 {[%emt 0:01:00]} Bh3 {[%emt 0:00:07]} 10. f4 {[%emt 0:05:46]} Nf6 {[%emt 0:02:12]} 11. e4 {[%emt 0:03:11]} Nc6 {[%emt 0:02:43]} 12. d5 {[%emt 0:03:58]} Nd4 {[%emt 0:00:09]} 13. Nc3 {[%emt 0:05:31]} c5 {[%emt 0:00:41]} 14. dxc6 {[%emt 0:04:46]} Nxc6 {[%emt 0:01:11]} 15. Qa4 {[%emt 0:05:21]} Rc8 {[%emt 0:00:26]} 16. O-O-O {[%emt 0:13:31]} Nd7 {[%emt 0:00:25]} 17. Nb3 {[%emt 0:07:14]} a6 {[%emt 0:12:19]} 18. Bf2 {[%emt 0:03:21]} Qc7 {[%emt 0:04:24]} 19. Kb1 {[%emt 0:01:27]} h5 {[%emt 0:02:37]} 20. e5 {[%emt 0:03:05]} O-O {[%emt 0:09:12]} 21. Nd5 {[%emt 0:10:16]} exd5 {[%emt 0:01:38]} 22. cxd5 {[%emt 0:00:08]} Ncxe5 {[%emt 0:07:40]} 23. fxe5 {[%emt 0:00:42]} Nxe5 {[%emt 0:01:42]} 24. Bf5 {[%emt 0:05:30]} Qc4 {[%emt 0:00:56]} 25. Qxc4 {[%emt 0:07:02]} Rxc4 {[%emt 0:02:48]} 26. Bxb6 {[%emt 0:00:14]} Rb8 {[%emt 0:01:25]} 27. Ba5 {[%emt 0:03:43]} Nf3 {[%emt 0:01:17]} 28. Rg3 {[%emt 0:01:06]} Rf4 {[%emt 0:00:21]} 29. Bd7 {[%emt 0:02:09]} h4 {[%emt 0:00:40]} 30. Rxh3 {[%emt 0:00:51]} gxh3 {[%emt 0:00:05]} 31. Bxh3 {[%emt 0:00:23]} Rf6 {[%emt 0:01:45]} 32. Bc3 {[%emt 0:01:16]} Rg6 {[%emt 0:00:57]} 33. Nd4 {[%emt 0:01:08]} Nxd4 {[%emt 0:00:16]} 34. Bxd4 {[%emt 0:00:22]} Bf6 {[%emt 0:00:27]} 35. Bf5 {[%emt 0:00:12]} Rh6 {[%emt 0:02:09]} 36. b3 {[%emt 0:01:06]} Bxd4 {[%emt 0:00:08]} 37. Rxd4 {[%emt 0:00:05]} Re8 {[%emt 0:00:18]} 38. Rg4+ {[%emt 0:00:34]} Kf8 {[%emt 0:00:05]} 39. Be4 {[%emt 0:00:34]} Re5 {[%emt 0:00:38]} 40. Rf4 {[%emt 0:00:00]} Ke7 {[%emt 0:00:00]} 41. Kc2 {[%emt 0:02:51]} f5 {[%emt 0:02:12]} 42. Bd3 {[%emt 0:00:49]} a5 {[%emt 0:00:08]} 43. Rxf5 {[%emt 0:02:04]} Rxf5 {[%emt 0:00:21]} 44. Bxf5 {[%emt 0:00:09]} Rf6 {[%emt 0:00:09]} 45. Be6 {[%emt 0:03:13]} Rf2+ {[%emt 0:00:09]} 46. Kc3 {[%emt 0:00:29]} Rxh2 {[%emt 0:00:10]} 47. a4 {[%emt 0:00:26]} h3 {[%emt 0:00:12]} 48. Bf5 {[%emt 0:01:34]} Rf2 {[%emt 0:00:24]} 49. Be4 {[%emt 0:02:34]} h2 {[%emt 0:00:08]} 0-1

[Event "UKR-ch 1/2 final"]
[Site "Omelnyk UKR"]
[Date "2021.09.23"]
[Round "2.7"]
[White "Golubka, Petro"]
[Black "Kalosha, Zhiulien Oleksii"]
[Result "1-0"]
[WhiteElo "2438"]
[BlackElo "2193"]
[WhiteFideId "-1"]
[BlackFideId "-1"]
[PlyCount "73"]
[GameId "2129404731239607"]
[EventDate "2021.09.22"]
[EventType "swiss"]
[EventRounds "9"]
[EventCountry "UKR"]
[SourceTitle "10 Days #664"]
[Source "ChessMix"]
[SourceDate "2021.10.01"]
[SourceVersion "1"]
[SourceVersionDate "2021.10.01"]
[SourceQuality "1"]

{[%evp 0,49,27,22,29,22,22,4,13,-24,19,-42,-42,-33,-56,-12,16,24,65,65,113,69,68,7,13,-28,-9,-51,-45,-40,-31,-7,-9,-42,43,41,28,35,32,-38,-19,-14,62,41,40,70,63,64,92,73,184,98]} 1. d4 Nf6 2. Nc3 d5 3. Bg5 Nbd7 4. f3 c5 5. dxc5 e6 6. b4 h6 7. Bh4 a5 8. a3 Ne5 9. e4 d4 10. Nb5 Nc6 11. Bg3 e5 12. Bc4 axb4 13. axb4 Rxa1 14. Qxa1 Nxb4 15. Qa4 Nc6 16. Ne2 Qa5+ 17. Qxa5 Nxa5 18. Ba2 Nc6 19. Nc7+ Kd8 20. Nb5 Ke8 21. Nc1 Nh5 22. Nd3 Nxg3 23. hxg3 Be7 24. Kd2 Kf8 25. Rb1 h5 26. Bd5 Rh6 27. Bxc6 Rxc6 28. Na7 Rc7 29. Nxc8 Rxc8 30. Nxe5 Bxc5 31. Rxb7 f6 32. Ng6+ Kg8 33. Nf4 Bf8 34. Nxh5 Rc5 35. Nf4 Rg5 36. g4 Ra5 37. Ne6 1-0

[Event "UKR-ch 1/2 final"]
[Site "Omelnyk UKR"]
[Date "2021.09.24"]
[Round "3.5"]
[White "Tobak, Mikhail"]
[Black "Golubka, Petro"]
[Result "1-0"]
[WhiteElo "2156"]
[BlackElo "2438"]
[WhiteFideId "-1"]
[BlackFideId "-1"]
[PlyCount "45"]
[GameId "2130307583145693"]
[EventDate "2021.09.22"]
[EventType "swiss"]
[EventRounds "9"]
[EventCountry "UKR"]
[SourceTitle "10 Days #664"]
[Source "ChessMix"]
[SourceDate "2021.10.01"]
[SourceVersion "1"]
[SourceVersionDate "2021.10.01"]
[SourceQuality "1"]

1. e4 e6 2. d4 b6 3. Bd3 Bb7 4. Nf3 g6 5. Bg5 f6 6. Be3 Bg7 7. h4 h6 8. c4 Ne7 9. Nc3 d6 10. a3 Nd7 11. Qc2 a6 12. g4 f5 13. gxf5 exf5 14. Rg1 fxe4 15. Nxe4 O-O 16. Nfd2 Nf5 17. O-O-O Nxh4 18. Rg4 Rf7 19. Rdg1 Nf8 20. Ng5 hxg5 21. Bxg5 Bf6 22. Bxh4 Qe8 23. Bxg6 1-0

[Event "UKR-ch 1/2 final"]
[Site "Omelnyk UKR"]
[Date "2021.09.25"]
[Round "4.7"]
[White "Golubka, Petro"]
[Black "Shevchenko, Danylo"]
[Result "0-1"]
[WhiteElo "2438"]
[BlackElo "2195"]
[WhiteFideId "-1"]
[BlackFideId "-1"]
[PlyCount "58"]
[GameId "2129404731239629"]
[EventDate "2021.09.22"]
[EventType "swiss"]
[EventRounds "9"]
[EventCountry "UKR"]
[SourceTitle "10 Days #664"]
[Source "ChessMix"]
[SourceDate "2021.10.01"]
[SourceVersion "1"]
[SourceVersionDate "2021.10.01"]
[SourceQuality "1"]
[TimeControl "40/5400+30:1800+30"]

1. e4 {[%emt 0:02:45]} e5 {[%emt 0:00:05]} 2. Nf3 {[%emt 0:00:03]} Nc6 {[%emt 0:00:02]} 3. Nc3 {[%emt 0:00:05]} Nf6 {[%emt 0:00:05]} 4. Bb5 {[%emt 0:00:04]} Bc5 {[%emt 0:00:40]} 5. Nxe5 {[%emt 0:02:12]} Nxe5 {[%emt 0:01:36]} 6. d4 {[%emt 0:01:33]} a6 {[%emt 0:00:05]} 7. Be2 {[%emt 0:00:15]} Bd6 {[%emt 0:11:03]} 8. f4 {[%emt 0:01:12]} Nc6 {[%emt 0:00:09]} 9. e5 {[%emt 0:00:32]} Bb4 {[%emt 0:00:07]} 10. exf6 {[%emt 0:09:00]} Qxf6 {[%emt 0:01:37]} 11. Be3 {[%emt 0:04:18]} Bxc3+ {[%emt 0:07:08]} 12. bxc3 {[%emt 0:00:48]} d5 {[%emt 0:00:07]} 13. c4 {[%emt 0:01:58]} O-O {[%emt 0:13:41]} 14. O-O {[%emt 0:00:45]} Ne7 {[%emt 0:05:12]} 15. c3 {[%emt 0:01:59]} Bf5 {[%emt 0:12:40]} 16. Bf2 {[%emt 0:06:13]} Be4 {[%emt 0:02:10]} 17. g3 {[%emt 0:08:05]} dxc4 {[%emt 0:04:34]} 18. Re1 {[%emt 0:02:58]} Bd5 {[%emt 0:11:26]} 19. a4 {[%emt 0:01:40]} Qc6 {[%emt 0:03:36]} 20. Bf1 {[%emt 0:00:29]} Nf5 {[%emt 0:06:10]} 21. Re5 {[%emt 0:02:07]} Nd6 {[%emt 0:00:38]} 22. a5 {[%emt 0:00:28]} Ne4 {[%emt 0:03:37]} 23. Qe1 {[%emt 0:05:40]} f6 {[%emt 0:00:24]} 24. Re7 {[%emt 0:00:25]} Rae8 {[%emt 0:00:19]} 25. Rxe8 {[%emt 0:00:12]} Rxe8 {[%emt 0:00:02]} 26. Qc1 {[%emt 0:00:21]} Kh8 {[%emt 0:07:38]} 27. Qa3 {[%emt 0:02:26]} Nxf2 {[%emt 0:01:07]} 28. Kxf2 {[%emt 0:00:05]} Qe6 {[%emt 0:00:06]} 29. Qc1 {[%emt 0:00:23]} Qe4 {[%emt 0:00:33]} 0-1